000 00901nam a22002417i 4500
999 _c22737
_d22737
003 AR-CdUCM
008 231020b20122012pe ||||| |||| 001 0 spa d
040 _aMUNICIPALIDAD PROVINCIAL DEL CUSCO
_cBIBLIOTECA MUNICIPAL DEL CUSCO
041 _hspa
082 _a346.25 / V44
_bV44
100 _aVengoa Zúniga, Antonio Fredy
_949002
245 _aNuevas Causales de Divorcio para el Ámbito Jurídico Universal :
_bDerecho de familia /
260 _aCusco :
_c2012.
300 _a82 páginas. :
_c23 cm.
500 _zbibliografía: páginas 79-82
505 _aNoción de familia -- Noción de matrimonio -- Noción de divorcio -- El divorcio en el derecho comparado
650 _aTeoría ecológica,Matrimonio,
_949230
650 _aDivorcio en el derecho comparado,
_949231
650 _aDivorcio,
_98382
650 _a Familia,
_92366
942 _2ddc
_cLIBROS
945 _apebm
_d2023-10-20